Największe miasto Począwszy od R w tym kraju - Statystyki

Ogólne statystyki
  • Ten quiz został rozwiązany 165 razy
  • Średni wynik to 9 z 18
Statystyki odpowiedzi
Kraj R Miasto % Poprawnych
Łotwa Ryga
98%
Holandia Rotterdam
92%
Maroko Rabat
84%
Polska Radom
78%
Włochy Rzym
77%
Arabia Saudyjska Rijad
71%
Islandia Reykjavík
70%
Brazylia Rio de Janeiro
70%
Rosja Rostów
45%
Francja Rennes
36%
Niemcy Rostock
31%
Dominika Roseau
28%
Finlandia Rovaniemi
24%
Mjanma Rangun
22%
Palestyna Ramallah
21%
Wielka Brytania Reading
14%
Stany Zjednoczone Raleigh
5%
Pakistan Rawalpindi
5%
Nie znaleziono quizów pasujących do podanych kryteriów
Rozkład punktacji
Procent ludzi z każdym wynikiem
Percentyl według liczby udzielonych odpowiedzi
Twoja historia wyników
Nie rozwiązałeś tego quizu